00373nam a2200157Ia 45000010006000000050017000060080041000230410008000640820015000721000042000872450027001292600009001563000034001656500008001996540008002071542920260306170155.0260306t2001||||xx |||||||||||||| ||und|| aESP a540bCH516 aChamizo Guerrero, José AntonioeAUT 0aProblemas de Química c2001 axiv : 174 páginas :c27 cm. aGEN aCCN